<?xml version="1.0" encoding="UTF-8"?>
<record
    xmlns:xsi="http://www.w3.org/2001/XMLSchema-instance"
    xsi:schemaLocation="http://www.loc.gov/MARC21/slim http://www.loc.gov/standards/marcxml/schema/MARC21slim.xsd"
    xmlns="http://www.loc.gov/MARC21/slim">

  <leader>00955nam a2200277 i 4500</leader>
  <controlfield tag="001">6543</controlfield>
  <controlfield tag="003">ES-MaACL</controlfield>
  <controlfield tag="005">20231103062526.0</controlfield>
  <controlfield tag="007">t|</controlfield>
  <controlfield tag="008">891220s1989    fr           ||||1| fre d</controlfield>
  <datafield tag="020" ind1=" " ind2=" ">
    <subfield code="a">2-902702-50-7</subfield>
  </datafield>
  <datafield tag="080" ind1=" " ind2=" ">
    <subfield code="a">323.273(44)"1789/1799"</subfield>
  </datafield>
  <datafield tag="080" ind1=" " ind2=" ">
    <subfield code="a">9(44)"1789/1799"</subfield>
  </datafield>
  <datafield tag="100" ind1="1" ind2=" ">
    <subfield code="a">Gengembre, Gerard.</subfield>
    <subfield code="9">56313</subfield>
  </datafield>
  <datafield tag="245" ind1="1" ind2="3">
    <subfield code="a">La Contre-revolution ou L'histoire desesperante </subfield>
    <subfield code="b">: histoire des idees politiques / </subfield>
    <subfield code="c">Gerard Gengembre.</subfield>
  </datafield>
  <datafield tag="260" ind1=" " ind2=" ">
    <subfield code="a">Paris : </subfield>
    <subfield code="b">Imago, </subfield>
    <subfield code="c">D.L. 1989.</subfield>
  </datafield>
  <datafield tag="300" ind1=" " ind2=" ">
    <subfield code="a">349 p. ; </subfield>
    <subfield code="c">23 cm.</subfield>
  </datafield>
  <datafield tag="490" ind1="1" ind2=" ">
    <subfield code="a">Librairie du Bicentenaire de la Revolution Francaise</subfield>
  </datafield>
  <datafield tag="500" ind1=" " ind2=" ">
    <subfield code="a">Bibliografia.</subfield>
  </datafield>
  <datafield tag="500" ind1=" " ind2=" ">
    <subfield code="a">Indices.</subfield>
  </datafield>
  <datafield tag="650" ind1="1" ind2="4">
    <subfield code="a">Pol&#xED;tica-</subfield>
    <subfield code="x">Doctrinas-</subfield>
    <subfield code="z">Francia-</subfield>
    <subfield code="y">1700-1850.</subfield>
    <subfield code="9">16270</subfield>
  </datafield>
  <datafield tag="651" ind1=" " ind2="4">
    <subfield code="a">Francia-</subfield>
    <subfield code="x">Historia-</subfield>
    <subfield code="y">1789-1799, Revoluci&#xF3;n</subfield>
    <subfield code="9">8685</subfield>
  </datafield>
  <datafield tag="830" ind1="0" ind2=" ">
    <subfield code="a">Librairie du Bicentenaire de la Revolution Francaise</subfield>
    <subfield code="9">177526</subfield>
  </datafield>
  <datafield tag="852" ind1=" " ind2=" ">
    <subfield code="a">ES-MaACL</subfield>
    <subfield code="j">L-13769 </subfield>
    <subfield code="b">R.117238 </subfield>
    <subfield code="z">. - rust.</subfield>
  </datafield>
  <datafield tag="999" ind1=" " ind2=" ">
    <subfield code="c">6543</subfield>
    <subfield code="d">6543</subfield>
  </datafield>
  <datafield tag="952" ind1=" " ind2=" ">
    <subfield code="0">0</subfield>
    <subfield code="1">0</subfield>
    <subfield code="4">0</subfield>
    <subfield code="7">0</subfield>
    <subfield code="a">ATENEOM</subfield>
    <subfield code="b">ATENEOM</subfield>
    <subfield code="c">DEPO2</subfield>
    <subfield code="d">2008-01-17</subfield>
    <subfield code="e">SC</subfield>
    <subfield code="l">0</subfield>
    <subfield code="o">L-13769</subfield>
    <subfield code="p">1006664</subfield>
    <subfield code="r">2023-02-23 00:00:00</subfield>
    <subfield code="w">2023-02-23</subfield>
    <subfield code="y">MONOGRAFIA</subfield>
  </datafield>
</record>
